| 000 | 00640nam a2200205 a 4500 | ||
|---|---|---|---|
| 001 | 000014574 | ||
| 005 | 20240530073917.0 | ||
| 008 | 100115s2008 dr 000 f spa d | ||
| 020 | _a9789945454048 | ||
| 040 |
_aDO-SdBNP _bspa _cBNPHU |
||
| 082 |
_aRD863.44 _bV145c |
||
| 100 | 1 |
_aValdez, Diógenes, _d1941- _920511 |
|
| 245 | 1 | 3 |
_aEl cisne enfermo : _bla novela de la voz / _cDiógenes Valdez. |
| 260 |
_aSanto Domingo : _bManatí, _c2008. |
||
| 300 |
_a193 p. ; _c23 cm. |
||
| 590 | _aInventariado, 2020 /LP | ||
| 650 | 0 |
_aNovela dominicana _9223 |
|
| 650 | 0 |
_aLiteratura dominicana. _967 |
|
| 910 | _aValidado. Control de calidad MMOLINA | ||
| 999 |
_c14161 _d14161 |
||